000 00725cam a2200241 a 4500
001 000009590
005 20200929161632.0
008 900626s1986 sp c b 001 0 spa
040 _aDO-SdBNP
_cDLC
082 _a864.62
_bZ24s
100 1 _aZambrano, María.
_924433
245 1 0 _aSenderos /
_cMaría Zambrano.
260 _aBarcelona :
_bAnthropos,
_c1986.
300 _a276 p. ;
_c20 cm.
490 1 _aMemoria rota
_v8
490 1 _aExilios y heterodoxias
_v8
504 _aIncluye bibliografía: [p. 270-276]
650 4 _aEnsayo español
_93923
650 4 _aLiteratura española
_9632
830 0 _aMemoria rota ;
_v8
_924434
830 0 _aExilios y heterodoxias ;
_v8
_924435
910 _aCatalogación por copia / LC
999 _c9350
_d9350